Países por Bandera y Forma #1 - Estadísticas

Estadísticas generales
  • Esta prueba ha sido intentada 5.892 veces
  • La puntuación promedio es 15 de 16
Estadísticas de respuestas
Imagen Respuesta % Correcto
Brasil
99%
India
99%
Italia
99%
México
99%
Grecia
98%
Rusia
98%
Uruguay
98%
Egipto
97%
Croacia
96%
Arabia Saudita
94%
Nueva Zelanda
94%
Irán
93%
Panamá
93%
Mauritania
69%
Liberia
67%
Brunéi
63%
No se encontraron pruebas coincidentes
Distribución de puntuación
Porcentaje de gente con cada puntuación
Porcentaje por número respondido
Historial de tus puntuaciones
No has intentado esta prueba.